000 00257nam a2200097Ia 4500
008 230915s9999 xx 000 0 und d
050 _aZ 678.N54
100 _aSANDRA NELSON
245 0 _aCREATING POLICIES FOR RESULTS : FROM CHAOS TO CLARITY
942 _cBK
999 _c206687
_d206687